000 01522cam a22004694i 4500
003 PE-LiUPU
005 20250731173442.0
008 150616s r 000 0 d
035 _a(Sirsi) a5766
040 _aPE-LiUPU
_bspa
_cPE-LiUPU
_erda
049 _aPRUA
082 0 4 _a297.63
_bD58
_221
100 1 _aDermenghem, Emile,
_dn. 1872,
_eautor.
245 1 0 _aMahoma y la tradición Islámica /
_cTraducción del francés por Cástulo Carrasco.
264 1 _aMadrid :
_bGráficas Orbe,
_c1963.
300 _a216 páginas ;
_c18 cm.
336 _atext
_2rdacontent
337 _aunmediated
_2rdamedia
338 _avolume
_2rdacarrier
505 0 _aMahoma.- La tradición Islámica.- Textos.
526 _aSEG42
526 _aSEG41
526 _aSEG40
526 _aSEG39
526 _aP94
526 _aP87
526 _aP86
526 _aP85
526 _aP77
526 _aP76
526 _aP35
600 1 _aMahomaEl Profeta,
_dc. 570-632
650 0 4 _aIslamismo.
700 1 _aCarrasco, Cástulo.
910 _ajck
_bjvq
_cjck
942 _2ddc
_cBOOK
949 _a297.63 D58
_wDEWEY
_c1
_i39287
_lCCODEBUL1
_mBUL
_p00.00
_r0
_sY
_tBOOK
_u19951005
_xTEOLOGIA
_zUNKNOWN
_0COMPRA
_o.STAFF. Colección General
994 _aC0
_bPEPRU
596 _a1
999 _a297.63 D58
_wDEWEY
_c56829
_i39287
_f2021-11-12
_g5
_lCCODEBUL1
_mBUL
_r0
_sY
_tBOOK
_u2015-6-16
_xTEOLOGIA
_zUNKNOWN
_0COMPRA
_o.STAFF. Colección General
_d56829
980 _81
_gALBERTO SANCHEZ Responsable de Automatización